[Event "Morava-chT 9900"]
[Site "Czech Republic"]
[Date "1999.??.??"]
[Round "3"]
[White "Juricek, Stanislav"]
[Black "Pastor, Karel Jr"]
[Result "1-0"]
[WhiteElo "2274"]
[BlackElo "2269"]
[PlyCount "87"]
[EventDate "1999.??.??"]
[EventType "team-tourn"]
[EventRounds "11"]
[EventCountry "CZE"]
[SourceTitle "EXT 2001"]
[Source "ChessBase"]
[SourceDate "2000.11.22"]
[SourceVersion "1"]
[SourceVersionDate "2000.11.22"]
[SourceQuality "1"]

1. e4 e6 2. d4 d5 3. Nc3 Nf6 4. Bg5 Bb4 5. exd5 exd5 6. Qf3 Nbd7 7. Bd3 c6 8. Nge2 h6 9. Bd2 Nf8 10. h3 Ne6 11. 0-0-0 Bd7 12. Kb1 Be7 13. g4 Qc7 14. Qg2 0-0-0 15. f4 Bd6 16. Rhf1 Rde8 17. Rde1 a6 18. Qf3 b5 19. g5 Ng8 20. h4 Qb6 21. Be3 Nd8 22. f5 f6 23. Bf4 Nb7 24. Bxd6 Nxd6 25. Qf4 Qc7 26. Ng3 Ne7 27. gxf6 gxf6 28. Nh5 Ndxf5 29. Nxf6 Ref8 30. Nxd7 Qxd7 31. Re5 Ng6 32. Qxf5 Nxe5 33. dxe5 d4 34. Qxf8+ Rxf8 35. Rxf8+ Kb7 36. Ne4 Qg7 37. Rf7+ Qxf7 38. Nd6+ Kc7 39. Nxf7 Kd7 40. Nxh6 Ke6 41. Ng4 c5 42. b3 c4 43. bxc4 bxc4 44. Bxc4+ 1-0

[Event "Morava-chT 9900"]
[Site "Czech Republic"]
[Date "1999.??.??"]
[Round "5"]
[White "Mlynek, Petr"]
[Black "Pastor, Karel Jr"]
[Result "0-1"]
[WhiteElo "2199"]
[BlackElo "2269"]
[PlyCount "66"]
[EventDate "1999.??.??"]
[EventType "team-tourn"]
[EventRounds "11"]
[EventCountry "CZE"]
[SourceTitle "EXT 2001"]
[Source "ChessBase"]
[SourceDate "2000.11.22"]
[SourceVersion "1"]
[SourceVersionDate "2000.11.22"]
[SourceQuality "1"]

1. d4 e6 2. c4 d5 3. Nf3 c5 4. cxd5 exd5 5. g3 Nc6 6. Bg2 Nf6 7. 0-0 Be7 8. Nc3 0-0 9. dxc5 Bxc5 10. Na4 Be7 11. Be3 Re8 12. Rc1 Qa5 13. a3 Bd7 14. Nc5 Bg4 15. Nd4 Nxd4 16. Bxd4 Qb5 17. Nd3 a5 18. h3 Bf5 19. Qd2 Ne4 20. Qf4 Bg6 21. h4 Bd6 22. Be5 Rxe5 23. Nxe5 Qe8 24. Nxg6 Bxf4 25. Nxf4 Qb5 26. Nd3 h6 27. Rc7 Qb6 28. Rfc1 Nxg3 29. R1c5 Ne4 30. Bxe4 dxe4 31. Ne5 Rd8 32. h5 Qf6 33. Nxf7 Rf8 0-1

[Event "Morava-chT 9899"]
[Site "Czech Republic"]
[Date "1999.??.??"]
[Round "9"]
[White "Pastor, Karel Jr"]
[Black "Sobek, Jaroslav"]
[Result "1/2-1/2"]
[WhiteElo "2240"]
[BlackElo "2245"]
[PlyCount "45"]
[EventDate "1998.??.??"]
[EventType "team-tourn"]
[EventRounds "11"]
[EventCountry "CZE"]
[SourceTitle "EXT 2000"]
[Source "ChessBase"]
[SourceDate "1999.11.16"]
[SourceVersion "1"]
[SourceVersionDate "1999.11.16"]
[SourceQuality "1"]

1. d4 Nf6 2. Bg5 c5 3. Bxf6 gxf6 4. d5 Qb6 5. Nd2 d6 6. e3 Nd7 7. Ne2 Qxb2 8. Ng3 Nb6 9. Rb1 Qe5 10. Bb5+ Kd8 11. 0-0 Qxd5 12. a4 h5 13. e4 Qd4 14. a5 Bh6 15. Qxh5 Qxd2 16. axb6 Be6 17. e5 fxe5 18. Qf3 Qd5 19. Qa3 Qa2 20. Qf3 Qd5 21. Qa3 Qa2 22. Qf3 Qd5 23. Qa3 1/2-1/2

[Event "Morava-chT 9899"]
[Site "Czech Republic"]
[Date "1999.??.??"]
[Round "6"]
[White "Pastor, Karel Jr"]
[Black "Vavra, Pavel"]
[Result "1/2-1/2"]
[WhiteElo "2240"]
[BlackElo "2340"]
[PlyCount "51"]
[EventDate "1998.??.??"]
[EventType "team-tourn"]
[EventRounds "11"]
[EventCountry "CZE"]
[SourceTitle "EXT 2000"]
[Source "ChessBase"]
[SourceDate "1999.11.16"]
[SourceVersion "1"]
[SourceVersionDate "1999.11.16"]
[SourceQuality "1"]

1. d4 d5 2. Bg5 c6 3. e3 Qb6 4. b3 Bf5 5. Nf3 e6 6. Bd3 Bxd3 7. Qxd3 Nd7 8. 0-0 Ngf6 9. Nbd2 Be7 10. c4 0-0 11. e4 dxe4 12. Nxe4 a5 13. Ne5 Qd8 14. Nxf6+ Nxf6 15. Rae1 a4 16. Re3 axb3 17. axb3 Nd7 18. Bf4 Nxe5 19. Bxe5 Bf6 20. Rh3 h6 21. f4 Ra2 22. Qb1 Rd2 23. Qc1 Ra2 24. Qb1 Rd2 25. Qe1 Ra2 26. Qb1 1/2-1/2

[Event "Morava-chT 9697"]
[Site "Czech Republic"]
[Date "1997.??.??"]
[Round "?"]
[White "Babula, Vlastimil"]
[Black "Pastor, Karel Jr"]
[Result "1/2-1/2"]
[WhiteElo "2535"]
[BlackElo "2235"]
[PlyCount "84"]
[EventDate "1996.??.??"]
[EventType "team-tourn"]
[EventRounds "11"]
[EventCountry "CZE"]
[SourceTitle "EXT 1998"]
[Source "ChessBase"]
[SourceDate "1997.11.17"]
[SourceVersion "1"]
[SourceVersionDate "1997.11.17"]
[SourceQuality "1"]

1. e4 e6 2. d4 d5 3. Nd2 Nf6 4. e5 Nfd7 5. Bd3 c5 6. c3 Nc6 7. Ne2 cxd4 8. cxd4 f6 9. exf6 Nxf6 10. Nf3 Bd6 11. Bf4 Qa5+ 12. Qd2 Bb4 13. Nc3 0-0 14. 0-0 Ne4 15. Bxe4 dxe4 16. Ng5 Nxd4 17. Qxd4 Rxf4 18. Ngxe4 Bxc3 19. Qxc3 Qxc3 20. Nxc3 Bd7 21. Rfe1 Rd4 22. Rad1 Rxd1 23. Rxd1 Bc6 24. f4 Kf7 25. Kf2 Rg8 26. h4 h6 27. g4 e5 28. Ke3 exf4+ 29. Kxf4 Rf8 30. Ke5 Re8+ 31. Kf4 Kf6 32. Rd6+ Ke7 33. Rd3 Rf8+ 34. Kg3 Rf1 35. Ne2 Rb1 36. Re3+ Kd7 37. b3 Rb2 38. a3 a5 39. Nf4 g5 40. hxg5 hxg5 41. Ne6 Bd5 42. Nxg5 Rxb3 1/2-1/2

[Event "Morava-chT 9697"]
[Site "Czech Republic"]
[Date "1997.??.??"]
[Round "?"]
[White "Knazovcik, Ladislav"]
[Black "Pastor, Karel Jr"]
[Result "0-1"]
[WhiteElo "2295"]
[BlackElo "2235"]
[PlyCount "106"]
[EventDate "1996.??.??"]
[EventType "team-tourn"]
[EventRounds "11"]
[EventCountry "CZE"]
[SourceTitle "EXT 1998"]
[Source "ChessBase"]
[SourceDate "1997.11.17"]
[SourceVersion "1"]
[SourceVersionDate "1997.11.17"]
[SourceQuality "1"]

1. e4 e6 2. d3 d5 3. Nd2 c5 4. Ngf3 Nc6 5. g3 Bd6 6. Bg2 Nge7 7. 0-0 0-0 8. Re1 Bc7 9. Qe2 b6 10. Nf1 a5 11. Bg5 f6 12. Bd2 Ra7 13. a4 Nb4 14. Rac1 Bb8 15. e5 Ng6 16. exf6 gxf6 17. h4 e5 18. h5 Ne7 19. Nh4 Kh8 20. Nh2 Rg8 21. Kh1 Nf5 22. Nxf5 Bxf5 23. g4 Be6 24. f4 Rag7 25. Bh3 d4 26. f5 Bd5+ 27. Bg2 Bxg2+ 28. Qxg2 Qe8 29. Qf3 Qxa4 30. Bh6 Rf7 31. g5 fxg5 32. f6 Qc6 33. Bg7+ Rgxg7 34. fxg7+ Kxg7 35. Qxc6 Nxc6 36. Rf1 Rxf1+ 37. Rxf1 Nb4 38. Rf2 Nd5 39. Ng4 Nf4 40. h6+ Kg6 41. Rf1 Kh5 42. Rg1 Bc7 43. b3 Bd6 44. Rg3 Kh4 45. Rg1 Ne2 46. Rg2 Ng3+ 47. Kh2 e4 48. Nf2 e3 49. Nh3 Ne2+ 50. Kh1 Kxh3 51. Rxe2 Bg3 52. c3 Bf2 53. cxd4 g4 0-1

[Event "Morava-chT 9697"]
[Site "Czech Republic"]
[Date "1997.??.??"]
[Round "?"]
[White "Mlynek, Petr"]
[Black "Pastor, Karel Jr"]
[Result "0-1"]
[WhiteElo "2135"]
[BlackElo "2235"]
[PlyCount "64"]
[EventDate "1996.??.??"]
[EventType "team-tourn"]
[EventRounds "11"]
[EventCountry "CZE"]
[SourceTitle "EXT 1998"]
[Source "ChessBase"]
[SourceDate "1997.11.17"]
[SourceVersion "1"]
[SourceVersionDate "1997.11.17"]
[SourceQuality "1"]

1. d4 d5 2. c4 e6 3. Nf3 c5 4. cxd5 exd5 5. g3 Nc6 6. Bg2 Nf6 7. 0-0 Be7 8. Nc3 0-0 9. dxc5 Bxc5 10. Na4 Be7 11. Be3 Re8 12. Rc1 Bg4 13. h3 Bc8 14. Nc5 Bf8 15. Re1 Rxe3 16. fxe3 Bxc5 17. Rxc5 Qd6 18. Rxc6 bxc6 19. g4 h5 20. g5 Qg3 21. gxf6 Bxh3 22. Nh4 Qxh4 23. Rf1 Bxg2 24. Kxg2 Qg5+ 25. Kh1 Re8 26. Rf3 Re4 27. Qf1 Rh4+ 28. Rh3 Rxh3+ 29. Qxh3 Qxf6 30. b4 g6 31. Kg2 Kg7 32. Qd7 Qg5+ 0-1

[Event "Morava-chT 9798"]
[Site "Czech Republic"]
[Date "1997.??.??"]
[Round "4.3"]
[White "Pastor, Karel Jr"]
[Black "Hrivnak, Daniel"]
[Result "1-0"]
[WhiteElo "2240"]
[BlackElo "2380"]
[PlyCount "91"]
[EventDate "1997.??.??"]
[EventType "team-tourn"]
[EventRounds "11"]
[EventCountry "CZE"]
[SourceTitle "EXT 1999"]
[Source "ChessBase"]
[SourceDate "1998.11.16"]
[SourceVersion "1"]
[SourceVersionDate "1998.11.16"]
[SourceQuality "1"]

1. d4 Nf6 2. Bg5 c5 3. Bxf6 gxf6 4. d5 Qb6 5. Nd2 Qxb2 6. e3 Qe5 7. Bc4 Rg8 8. Ngf3 Qh5 9. d6 e6 10. Ne4 Bg7 11. Ng3 Qg6 12. Nh4 Qg5 13. Nhf5 Bf8 14. f4 Qg6 15. Be2 h6 16. Nh4 Qh7 17. Nh5 Qh8 18. 0-0 Nc6 19. f5 e5 20. Qd5 Rg5 21. Bc4 Nd8 22. Ng3 Qg7 23. Be2 Rxg3 24. hxg3 Qxg3 25. Nf3 h5 26. Kh1 Rb8 27. Nd2 Qh4+ 28. Kg1 b6 29. Qe4 Qg5 30. Nf3 Qh6 31. Nxe5 Bb7 32. Nc6+ Ne6 33. fxe6 Bxc6 34. exf7+ Kxf7 35. Qf4 Qg6 36. Bxh5 Qxh5 37. Qxf6+ Kg8 38. Rf5 Bg7 39. Qxg7+ Kxg7 40. Rxh5 Re8 41. Rf1 Rxe3 42. Rh3 Re6 43. Rg3+ Kh7 44. Rf7+ Kh6 45. Rf4 Rg6 46. Rfg4 1-0

[Event "Morava-chT 9798"]
[Site "Czech Republic"]
[Date "1997.??.??"]
[Round "1.5"]
[White "Pastor, Karel Jr"]
[Black "Kozlicek, Lubomir"]
[Result "1-0"]
[WhiteElo "2240"]
[BlackElo "2155"]
[PlyCount "61"]
[EventDate "1997.??.??"]
[EventType "team-tourn"]
[EventRounds "11"]
[EventCountry "CZE"]
[SourceTitle "EXT 1999"]
[Source "ChessBase"]
[SourceDate "1998.11.16"]
[SourceVersion "1"]
[SourceVersionDate "1998.11.16"]
[SourceQuality "1"]

1. d4 Nf6 2. Bg5 c5 3. Bxf6 gxf6 4. d5 Qb6 5. Nd2 Qxb2 6. e3 Na6 7. Rb1 Qc3 8. Ne2 Qa5 9. Nf4 Bh6 10. d6 Bxf4 11. exf4 Nb4 12. Bc4 e6 13. 0-0 f5 14. Nb3 Qd8 15. Nxc5 Nc6 16. Nxb7 Qh4 17. g3 Qf6 18. Nc5 a6 19. Re1 0-0 20. Bf1 Qc3 21. Nd3 Nd4 22. Bg2 Ra7 23. Ne5 f6 24. Nf3 Nc6 25. Nh4 a5 26. Re3 Qc5 27. g4 Ba6 28. gxf5 Nd4 29. Qg4+ Kh8 30. Ng6+ hxg6 31. Rh3+ 1-0

[Event "Morava-chT 9697"]
[Site "Czech Republic"]
[Date "1997.??.??"]
[Round "?"]
[White "Pastor, Karel Jr"]
[Black "Kriz, Miroslav"]
[Result "1/2-1/2"]
[WhiteElo "2235"]
[BlackElo "2265"]
[PlyCount "123"]
[EventDate "1996.??.??"]
[EventType "team-tourn"]
[EventRounds "11"]
[EventCountry "CZE"]
[SourceTitle "EXT 1998"]
[Source "ChessBase"]
[SourceDate "1997.11.17"]
[SourceVersion "1"]
[SourceVersionDate "1997.11.17"]
[SourceQuality "1"]

1. d4 Nf6 2. Bg5 e6 3. e4 h6 4. Bxf6 Qxf6 5. Nf3 d6 6. Nc3 Nd7 7. Qd2 a6 8. 0-0-0 Qe7 9. Bd3 c6 10. Rhe1 e5 11. h4 Qf6 12. Ne2 Be7 13. Qe3 exd4 14. Nexd4 Ne5 15. Nf5 Nxf3 16. Qxf3 Bxf5 17. exf5 0-0 18. Rh1 Rfe8 19. g4 g5 20. hxg5 Qxg5+ 21. Kb1 Bf6 22. Rh5 Qg7 23. g5 hxg5 24. c3 Re5 25. Qh1 Rae8 26. f4 Re3 27. Rg1 g4 28. Bc4 d5 29. Bb3 Kf8 30. a3 g3 31. Rh7 Re1+ 32. Rxe1 Rxe1+ 33. Qxe1 Qxh7 34. Qxg3 Qxf5+ 35. Bc2 Qe6 36. Qf2 Qd6 37. Qb6 Qd7 38. a4 Be7 39. Qd4 Ke8 40. Qh8+ Bf8 41. Qe5+ Kd8 42. Bf5 Qd6 43. Qd4 Kc7 44. a5 c5 45. Qe3 Be7 46. Bh3 Bd8 47. Qf3 Kb8 48. Bg2 Bxa5 49. Qxd5 Qxd5 50. Bxd5 f6 51. Kc2 Bc7 52. f5 b5 53. b4 c4 54. Be6 Kb7 55. Bd5+ Kb6 56. Be6 Bg3 57. Bc8 Be1 58. Bd7 a5 59. bxa5+ Kxa5 60. Be6 Kb6 61. Bc8 Kc5 62. Be6 1/2-1/2

[Event "Morava-chT 9697"]
[Site "Czech Republic"]
[Date "1997.??.??"]
[Round "?"]
[White "Sobek, Jaroslav"]
[Black "Pastor, Karel Jr"]
[Result "1-0"]
[WhiteElo "2225"]
[BlackElo "2235"]
[PlyCount "69"]
[EventDate "1996.??.??"]
[EventType "team-tourn"]
[EventRounds "11"]
[EventCountry "CZE"]
[SourceTitle "EXT 1998"]
[Source "ChessBase"]
[SourceDate "1997.11.17"]
[SourceVersion "1"]
[SourceVersionDate "1997.11.17"]
[SourceQuality "1"]

1. d4 d5 2. c4 e6 3. Nc3 c5 4. cxd5 exd5 5. Nf3 Nc6 6. g3 Nf6 7. Bg2 Be7 8. 0-0 0-0 9. dxc5 Bxc5 10. Bg5 d4 11. Bxf6 Qxf6 12. Nd5 Qd8 13. Nd2 Re8 14. Rc1 Bb6 15. Nc4 Bg4 16. Re1 Ba5 17. Nxa5 Qxa5 18. b4 Qxa2 19. Nc7 Bxe2 20. Nxa8 Rf8 21. Rxe2 Qxe2 22. Nc7 Qxd1+ 23. Rxd1 Rd8 24. b5 Nb4 25. Bxb7 Rd7 26. Na6 Na2 27. Bc6 Rd6 28. Rd2 Nc3 29. Nc5 f5 30. Nb7 Rf6 31. Kg2 a6 32. Nc5 Rd6 33. Nxa6 Ne4 34. Rd3 Nf6 35. Nb4 1-0

[Event "CZE-chT2c 9596"]
[Site "Czech Republic"]
[Date "1996.??.??"]
[Round "4"]
[White "Mudrak, Josef"]
[Black "Pastor, Karel Jr"]
[Result "1/2-1/2"]
[WhiteElo "2315"]
[BlackElo "2260"]
[PlyCount "97"]
[EventDate "1995.??.??"]
[EventType "team"]
[EventRounds "11"]
[EventCountry "CZE"]
[SourceTitle "EXT 2000"]
[Source "ChessBase"]
[SourceDate "1999.11.16"]
[SourceVersion "1"]
[SourceVersionDate "1999.11.16"]
[SourceQuality "1"]

1. Nf3 d5 2. c4 e6 3. b3 c5 4. g3 Nc6 5. Bg2 Nf6 6. 0-0 Be7 7. d3 0-0 8. Nfd2 a6 9. Bb2 b5 10. e4 Bb7 11. e5 Ne8 12. Qe2 dxc4 13. dxc4 Nd4 14. Bxd4 Bxg2 15. Kxg2 Qxd4 16. Qe4 Qxa1 17. Qxa8 Qxe5 18. Qxa6 bxc4 19. Nxc4 Qe4+ 20. Kg1 Bf6 21. Ne3 Bd4 22. Nd2 Qg6 23. Qe2 f5 24. Qd3 Qh5 25. Ng2 Nf6 26. Nf3 e5 27. Nxd4 cxd4 28. f4 Qh3 29. Ne1 Ng4 30. Qe2 e4 31. Qg2 Qh6 32. Qd2 Qh3 33. Rf2 Nxf2 34. Qxf2 d3 35. Ng2 Rc8 36. Qb6 Qh6 37. Qb5 Qd6 38. Qxf5 Qd4+ 39. Kf1 Rc1+ 40. Ne1 Rxe1+ 41. Kxe1 Qa1+ 42. Kd2 e3+ 43. Kxe3 Qe1+ 44. Kd4 d2 45. Qc8+ Kf7 46. Qf5+ Ke7 47. Qc5+ Kf7 48. Qf5+ Ke8 49. Qc8+ 1/2-1/2

[Event "CZE-chT2c 9596"]
[Site "Czech Republic"]
[Date "1996.??.??"]
[Round "11"]
[White "Pastor, Karel Jr"]
[Black "Bazant, Petr Sr"]
[Result "1/2-1/2"]
[WhiteElo "2260"]
[BlackElo "2285"]
[PlyCount "123"]
[EventDate "1995.??.??"]
[EventType "team"]
[EventRounds "11"]
[EventCountry "CZE"]
[SourceTitle "EXT 2000"]
[Source "ChessBase"]
[SourceDate "1999.11.16"]
[SourceVersion "1"]
[SourceVersionDate "1999.11.16"]
[SourceQuality "1"]

1. d4 d5 2. c4 e6 3. Nc3 c5 4. cxd5 exd5 5. Nf3 Nc6 6. dxc5 d4 7. Na4 b5 8. cxb6 axb6 9. b3 Nf6 10. e3 Bb4+ 11. Bd2 dxe3 12. fxe3 0-0 13. Bb5 Qd5 14. Bxc6 Bxd2+ 15. Qxd2 Qxc6 16. Rc1 Qb5 17. Nc3 Qh5 18. 0-0 Ba6 19. Rfe1 Bb7 20. e4 Rfe8 21. Qf4 h6 22. a4 Qc5+ 23. Kh1 Qb4 24. Nd2 Rad8 25. Nc4 Rd3 26. Re3 Rxe3 27. Qxe3 Nxe4 28. Nxe4 Rxe4 29. Qxb6 Qxb6 30. Nxb6 Rb4 31. Nd7 Rxb3 32. Nc5 Rb2 33. Nxb7 Rxb7 34. Kg1 Kf8 35. Ra1 Ra7 36. Kf2 Ra5 37. Ke3 Ke7 38. Kd4 Kd6 39. Kc4 Kc6 40. Kb4 Rg5 41. Ra2 Kb6 42. a5+ Ka6 43. Kc4 h5 44. Kd4 h4 45. Ke4 Rb5 46. Kf4 Rb4+ 47. Kg5 Rc4 48. h3 Rb4 49. Rf2 Kxa5 50. Rxf7 Rb2 51. Kxh4 Rxg2 52. Rf5+ Kb6 53. Rg5 Rd2 54. Rxg7 Kc6 55. Kg5 Rg2+ 56. Kf6 Rf2+ 57. Ke6 Re2+ 58. Kf7 Rf2+ 59. Kg8 Rh2 60. Rg3 Kd5 61. Kg7 Ke5 62. Kg6 1/2-1/2

[Event "Frydek Mistek op"]
[Site "Frydek Mistek"]
[Date "1996.??.??"]
[Round "2"]
[White "Pastor, Karel Jr"]
[Black "Jacko, Tomas"]
[Result "1-0"]
[WhiteElo "2240"]
[BlackElo "2170"]
[PlyCount "93"]
[EventDate "1996.??.??"]
[EventType "swiss"]
[EventRounds "9"]
[EventCountry "CZE"]
[SourceTitle "EXT 1998"]
[Source "ChessBase"]
[SourceDate "1997.11.17"]
[SourceVersion "1"]
[SourceVersionDate "1997.11.17"]
[SourceQuality "1"]

1. d4 Nf6 2. Bg5 g6 3. Bxf6 exf6 4. e3 Bg7 5. Bd3 0-0 6. Ne2 d6 7. 0-0 Nd7 8. Nf4 f5 9. Nd2 Nf6 10. a4 a5 11. c3 b6 12. b4 Bb7 13. bxa5 Rxa5 14. Nb3 Ra8 15. a5 Nd5 16. Nxd5 Bxd5 17. c4 Bb7 18. Be2 c5 19. Bf3 Bxf3 20. Qxf3 bxa5 21. Qc6 cxd4 22. exd4 Qb8 23. Rfb1 Rc8 24. Qd5 a4 25. Nc5 Qxb1+ 26. Rxb1 dxc5 27. Rb7 Rf8 28. Rxf7 Kh8 29. Rxf8+ Rxf8 30. Qxc5 Rd8 31. Qa5 Rb8 32. g3 Bxd4 33. Qxa4 Rd8 34. Qb5 Kg7 35. c5 Bxc5 36. Qxc5 Rd7 37. h4 h5 38. Qe5+ Kf7 39. Kg2 Re7 40. Qh8 Re8 41. Qh7+ Kf6 42. Kf3 Re4 43. Qg8 Re7 44. Qf8+ Ke6 45. Kf4 Rf7 46. Qh8 Re7 47. Kg5 1-0

[Event "Frydek Mistek op"]
[Site "Frydek Mistek"]
[Date "1996.??.??"]
[Round "1"]
[White "Voloshin, Leonid"]
[Black "Pastor, Karel Jr"]
[Result "1-0"]
[WhiteElo "2420"]
[BlackElo "2240"]
[PlyCount "54"]
[EventDate "1996.??.??"]
[EventType "swiss"]
[EventRounds "9"]
[EventCountry "CZE"]
[SourceTitle "EXT 1998"]
[Source "ChessBase"]
[SourceDate "1997.11.17"]
[SourceVersion "1"]
[SourceVersionDate "1997.11.17"]
[SourceQuality "1"]

1. d4 d5 2. c4 e6 3. Nc3 c5 4. e3 Nc6 5. Nf3 Nf6 6. a3 a6 7. dxc5 Bxc5 8. b4 Bd6 9. Bb2 0-0 10. Rc1 dxc4 11. Bxc4 b5 12. Bd3 Bb7 13. Ne4 Nxe4 14. Bxe4 Nxb4 15. Bxb7 Ra7 16. Be4 f5 17. Bb1 Nd5 18. 0-0 Qe7 19. Ba2 Bxa3 20. Bxa3 Qxa3 21. Bxd5 exd5 22. Qxd5+ Kh8 23. Qc5 Qxc5 24. Rxc5 g6 25. g3 Rb8 26. Nd4 b4 27. Ra5 b3 1-0

[Event "Frydek Mistek op-A"]
[Site "Frydek Mistek"]
[Date "1995.??.??"]
[Round "?"]
[White "Novosak, Jiri"]
[Black "Pastor, Karel Jr"]
[Result "1-0"]
[WhiteElo "2160"]
[BlackElo "2260"]
[PlyCount "65"]
[EventDate "1995.??.??"]
[EventType "swiss"]
[EventRounds "8"]
[EventCountry "CZE"]
[SourceTitle "EXT 1999"]
[Source "ChessBase"]
[SourceDate "1998.11.16"]
[SourceVersion "1"]
[SourceVersionDate "1998.11.16"]
[SourceQuality "1"]

1. e4 e6 2. d4 d5 3. exd5 exd5 4. Nf3 Nc6 5. c4 Bg4 6. Nc3 Nf6 7. cxd5 Nxd5 8. Bc4 Nb6 9. Bb3 Be7 10. 0-0 0-0 11. Be3 Bf6 12. Ne4 Bxd4 13. Bg5 Qd7 14. h3 Qf5 15. hxg4 Qxe4 16. Nh4 Bxb2 17. Rb1 h6 18. Bxh6 Bf6 19. Nf5 Rad8 20. Qc1 Qxg4 21. Bc2 Nd4 22. Nxd4 Bxd4 23. Rb3 Be5 24. Rh3 f5 25. Re1 Rfe8 26. Bg5 Rd4 27. f4 Nc4 28. fxe5 f4 29. Bh7+ Kf8 30. Bg6 Qxg5 31. Rh8+ Ke7 32. Rxe8+ Kd7 33. Rd1 1-0

[Event "Ostrava Konik op"]
[Site "Ostrava"]
[Date "1995.??.??"]
[Round "?"]
[White "Pastor, Karel Jr"]
[Black "Berezjuk, Sergej"]
[Result "0-1"]
[WhiteElo "2085"]
[BlackElo "2395"]
[PlyCount "66"]
[EventDate "1995.??.??"]
[EventType "swiss"]
[EventRounds "9"]
[EventCountry "CZE"]
[SourceTitle "EXT 1999"]
[Source "ChessBase"]
[SourceDate "1998.11.16"]
[SourceVersion "1"]
[SourceVersionDate "1998.11.16"]
[SourceQuality "1"]

1. d4 Nf6 2. c4 c5 3. d5 b5 4. cxb5 a6 5. bxa6 Bxa6 6. Nc3 d6 7. e4 Bxf1 8. Kxf1 g6 9. g3 Bg7 10. Kg2 0-0 11. Nf3 Nbd7 12. Bg5 Ng4 13. h4 h6 14. Bd2 h5 15. Ng5 Bd4 16. Rf1 Qb6 17. Rb1 c4 18. Qe2 Nde5 19. f3 Ne3+ 20. Bxe3 Bxe3 21. g4 Kg7 22. gxh5 Rh8 23. f4 Nd3 24. Qg4 Rxh5 25. Nxf7 Nxf4+ 26. Rxf4 Bxf4 27. Ne2 Qe3 28. Nxf4 Qxe4+ 29. Kh3 Kxf7 30. Rf1 Qf5 31. Nxh5 Qxf1+ 32. Kh2 Qf2+ 33. Kh1 Qf5 0-1

[Event "Frydek Mistek op-A"]
[Site "Frydek Mistek"]
[Date "1995.??.??"]
[Round "?"]
[White "Pastor, Karel Jr"]
[Black "Komora, Andrej"]
[Result "1-0"]
[WhiteElo "2260"]
[BlackElo "2095"]
[PlyCount "79"]
[EventDate "1995.??.??"]
[EventType "swiss"]
[EventRounds "8"]
[EventCountry "CZE"]
[SourceTitle "EXT 1999"]
[Source "ChessBase"]
[SourceDate "1998.11.16"]
[SourceVersion "1"]
[SourceVersionDate "1998.11.16"]
[SourceQuality "1"]

1. d4 Nf6 2. c4 g6 3. Nc3 Bg7 4. e4 d6 5. f4 0-0 6. Nf3 c5 7. d5 e6 8. Be2 exd5 9. cxd5 Re8 10. e5 dxe5 11. fxe5 Ng4 12. Bg5 Qb6 13. 0-0 Nxe5 14. d6 Nxf3+ 15. Bxf3 Bd4+ 16. Kh1 Qxd6 17. Bd5 Be6 18. Bxb7 Nd7 19. Bxa8 Rxa8 20. Nb5 Qb6 21. Nxd4 cxd4 22. Qf3 Re8 23. Rae1 Rc8 24. Rc1 Rxc1 25. Rxc1 h5 26. b3 Qa5 27. h4 Ne5 28. Qa8+ Kg7 29. Bh6+ Kf6 30. Qh8+ Kf5 31. Rf1+ Ke4 32. Qf6 d3 33. Bg7 Qc3 34. Qxe5+ Qxe5 35. Re1+ Kd5 36. Rxe5+ Kd6 37. Re3 Bf5 38. Bc3 Kd5 39. Re5+ Kd6 40. Ra5 1-0

[Event "CZE-chT1c 9495"]
[Site "Czech Republic"]
[Date "1995.??.??"]
[Round "3"]
[White "Pastor, Karel Jr"]
[Black "Potomak, Vladimir"]
[Result "1-0"]
[WhiteElo "2260"]
[BlackElo "2215"]
[PlyCount "65"]
[EventDate "1994.??.??"]
[EventType "team"]
[EventRounds "11"]
[EventCountry "CZE"]
[SourceTitle "EXT 1998"]
[Source "ChessBase"]
[SourceDate "1997.11.17"]
[SourceVersion "1"]
[SourceVersionDate "1997.11.17"]
[SourceQuality "1"]

1. d4 Nf6 2. c4 g6 3. Nc3 Bg7 4. e4 d6 5. f4 c5 6. d5 0-0 7. Nf3 e6 8. Be2 exd5 9. cxd5 b5 10. e5 dxe5 11. fxe5 Ng4 12. Bg5 f6 13. exf6 Bxf6 14. Bxf6 Qxf6 15. Qd2 b4 16. Nd1 Qd6 17. Ne3 Nxe3 18. Qxe3 Ba6 19. 0-0 Bxe2 20. Qxe2 Na6 21. Ng5 Nc7 22. Ne4 Qb6 23. d6 Qb5 24. Qd2 Qc6 25. Nf6+ Kg7 26. dxc7 Rxf6 27. Rxf6 Kxf6 28. Qd8+ Kg7 29. Rf1 c4 30. Qe7+ Kg8 31. Rd1 Rf8 32. Rd8 Qb6+ 33. Kh1 1-0

[Event "CZE-chT1c 9495"]
[Site "Czech Republic"]
[Date "1995.??.??"]
[Round "5"]
[White "Pastor, Karel Jr"]
[Black "Sosna, Jan"]
[Result "1/2-1/2"]
[WhiteElo "2260"]
[BlackElo "2310"]
[PlyCount "82"]
[EventDate "1994.??.??"]
[EventType "team"]
[EventRounds "11"]
[EventCountry "CZE"]
[SourceTitle "EXT 1998"]
[Source "ChessBase"]
[SourceDate "1997.11.17"]
[SourceVersion "1"]
[SourceVersionDate "1997.11.17"]
[SourceQuality "1"]

1. d4 d5 2. c4 e6 3. Nc3 Nf6 4. Bg5 Be7 5. Nf3 0-0 6. e3 h6 7. Bh4 b6 8. cxd5 Nxd5 9. Bxe7 Qxe7 10. Nxd5 exd5 11. Rc1 Be6 12. Qa4 a5 13. a3 c5 14. Bb5 Nd7 15. 0-0 Nf6 16. Bc6 Rac8 17. dxc5 bxc5 18. Rfd1 Qd6 19. Bb5 Qb6 20. Bd3 c4 21. Bb1 Qxb2 22. Nd4 Bg4 23. f3 Bd7 24. Qxa5 Ra8 25. Qc3 Qxa3 26. Qxa3 Rxa3 27. e4 dxe4 28. Rxc4 exf3 29. Nxf3 Bg4 30. Kf2 Bxf3 31. gxf3 g6 32. Rc6 Kg7 33. Rdd6 Nh5 34. Bxg6 Ra2+ 35. Rc2 Rfa8 36. Rdd2 Rxc2 37. Bxc2 Ra2 38. Ke3 Kf6 39. Be4 Rxd2 40. Kxd2 Kg5 41. Ke3 Kh4 1/2-1/2

[Event "Frydek Mistek op-A"]
[Site "Frydek Mistek"]
[Date "1995.??.??"]
[Round "?"]
[White "Svobodova, Michaela"]
[Black "Pastor, Karel Jr"]
[Result "0-1"]
[WhiteElo "2120"]
[BlackElo "2260"]
[PlyCount "52"]
[EventDate "1995.??.??"]
[EventType "swiss"]
[EventRounds "8"]
[EventCountry "CZE"]
[SourceTitle "EXT 1999"]
[Source "ChessBase"]
[SourceDate "1998.11.16"]
[SourceVersion "1"]
[SourceVersionDate "1998.11.16"]
[SourceQuality "1"]

1. d4 d5 2. Nc3 Bf5 3. f3 e6 4. e4 Bg6 5. h4 h6 6. h5 Bh7 7. Be3 Nf6 8. Bd3 Nc6 9. e5 Bxd3 10. Qxd3 Nd7 11. 0-0-0 Nb4 12. Qd2 c5 13. Nge2 Qa5 14. a3 Nb6 15. axb4 Qa1+ 16. Nb1 Nc4 17. Qc3 cxb4 18. Qb3 a5 19. Nec3 bxc3 20. Qxc3 b5 21. Rdf1 b4 22. Qd3 Qxb2+ 23. Kd1 Qxb1+ 24. Ke2 Qb2 25. Bd2 Qa3 26. c3 Qb2 0-1